10 największych gospodarek Ameryki - Statystyki

Ogólne statystyki
  • Ten quiz został rozwiązany 24 razy
  • Średni wynik to 9 z 10
Statystyki odpowiedzi
PKB País % Poprawnych
1,24 B Argentyna
100%
4,27 B Brazylia
100%
2,47 B Kanada
100%
3,43 B Meksyk
100%
0,57 B Peru
100%
28,8 B Stany Zjednoczone
100%
0,62 B Chile
95%
1,04 B Kolumbia
95%
0,27 B Ekwador
82%
0,29 B Dominikana
55%
Nie znaleziono quizów pasujących do podanych kryteriów
Rozkład punktacji
Procent ludzi z każdym wynikiem
Percentyl według liczby udzielonych odpowiedzi
Twoja historia wyników
Nie rozwiązałeś tego quizu